[Event "HEM 2013 B Turnier"]
[Site "Korbach"]
[Date "2013.03.30"]
[Round "7.28"]
[White "Unruh, Hartmut"]
[Black "Barchfeld, Peter"]
[Result "0-1"]
[WhiteElo "1670"]
[BlackElo "1175"]
[PlyCount "68"]
[EventDate "2013.??.??"]
[WhiteTeam "Sfr. Korbach"]
[BlackTeam "SAbt TG Wehlheiden"]

1. d4 Nf6 2. Bf4 g6 3. Nf3 Bg7 4. h3 d6 5. c3 O-O 6. Qc1 Nbd7 7. Bh6 c5 8. Bxg7
Kxg7 9. e3 cxd4 10. exd4 e5 11. Be2 e4 12. Nh2 Ne8 13. Ng4 f5 14. Qh6+ Kh8 15.
Bc4 Nef6 16. Nxf6 Nxf6 17. Nd2 d5 18. Bb3 Bd7 19. a4 a5 20. Nf1 Rc8 21. Ne3 Be6
22. Bd1 Ng8 23. Qf4 Qc7 24. Qg5 Bf7 25. Bb3 h6 26. Qh4 g5 27. Qg3 f4 28. Qg4
fxe3 29. fxe3 Qb6 30. Ra3 Rcd8 31. Qe2 Be8 32. h4 Qf6 33. hxg5 Qxg5 34. Rh5
Qxh5 0-1

[Event "HEM 2013 B Turnier"]
[Site "Korbach"]
[Date "2013.03.30"]
[Round "7.30"]
[White "Huelsmann, Florian"]
[Black "Mohammadi, Sholeh"]
[Result "1-0"]
[WhiteElo "944"]
[BlackElo "1055"]
[PlyCount "135"]
[EventDate "2013.??.??"]
[WhiteTeam "Sfr. Korbach"]
[BlackTeam "SK Marburg 1931/72"]

1. e4 e5 2. Nf3 Nf6 3. Nxe5 Nxe4 4. Qe2 Qe7 5. Qxe4 Nc6 6. d4 Nxe5 7. Qxe5
Qxe5+ 8. dxe5 d6 9. exd6 cxd6 10. Bc4 a6 11. Nc3 b5 12. Nd5 Ra7 13. Bd3 Be6 14.
Nf4 Bd7 15. O-O Be7 16. Re1 Bc6 17. Be3 Rb7 18. Bd4 O-O 19. Be4 Rc8 20. Bxc6
Rxc6 21. Nd5 Kf8 22. c3 f6 23. Nb4 Rc8 24. Nxa6 d5 25. b4 Kf7 26. Bc5 Bd8 27.
g3 Rc6 28. Rad1 Rxa6 29. Rxd5 Ra8 30. Red1 Be7 31. Bxe7 Kxe7 32. Re1+ Kf7 33.
Re2 Rc8 34. Rc2 Ke6 35. Rc5 Ra8 36. c4 bxc4 37. R5xc4 Kd5 38. Rh4 h6 39. Rb2
Rb5 40. Rh5+ Kc4 41. Rxb5 Kxb5 42. Kf1 g5 43. g4 Ra3 44. Re2 Rf3 45. Rb2 f5 46.
a4+ Kxa4 47. b5 fxg4 48. b6 Rf8 49. b7 Rb8 50. Kg2 Ka5 51. Kg3 h5 52. h4 Ka6
53. hxg5 Ka7 54. g6 Rg8 55. b8=Q+ Rxb8 56. Rxb8 Kxb8 57. g7 Kb7 58. g8=Q Kc7
59. Qf7+ Kd6 60. Qxh5 Ke7 61. Qxg4 Kf6 62. Qh5 Ke6 63. Qc5 Kd7 64. Qb6 Ke7 65.
Kf4 Kd7 66. Ke5 Kc8 67. Qa7 Kd8 68. Kd6 1-0

[Event "HEM 2013 B Turnier"]
[Site "Korbach"]
[Date "2013.03.30"]
[Round "7.31"]
[White "Langhammer, Joerg"]
[Black "Hildebrand, Georg"]
[Result "1-0"]
[WhiteElo "1721"]
[BlackElo "1225"]
[PlyCount "97"]
[EventDate "2013.??.??"]
[WhiteTeam "SF Kirchhellen 50/72e"]
[BlackTeam "SK Marburg 1931/72"]

1. e4 e5 2. Nf3 d6 3. Bc4 Qe7 4. d3 h6 5. h3 a6 6. Nc3 Nf6 7. a3 Bd7 8. Be3 Nc6
9. Ba2 Be6 10. Nd5 Bxd5 11. exd5 Nd4 12. O-O Nxf3+ 13. Qxf3 Nh7 14. Rfe1 Ng5
15. Qg4 Nh7 16. d4 Nf6 17. Qd1 e4 18. c4 Qd7 19. Bb3 Be7 20. Bc2 O-O 21. Bf4
Qf5 22. Bg3 Qd7 23. Bxe4 Nxe4 24. Rxe4 Bf6 25. Qf3 Rae8 26. Rae1 Rxe4 27. Qxe4
g6 28. Bf4 Kg7 29. Qd3 Re8 30. Rxe8 Qxe8 31. Be3 Qe7 32. b4 Qd7 33. c5 dxc5 34.
dxc5 Qe7 35. a4 Qe5 36. Qd1 Qa1 37. Qxa1 Bxa1 38. b5 Bf6 39. Kf1 h5 40. c6 axb5
41. cxb7 bxa4 42. b8=Q Be5 43. Qa7 Bd6 44. Qxa4 f5 45. Qd7+ Kg8 46. Bh6 Bf8 47.
Qe8 c5 48. Qxf8+ Kh7 49. Qg7# 1-0